[Event "EU-chT Plovdiv"]
[Site "Plovdiv"]
[Date "1983.??.??"]
[Round "2"]
[White "Ribli, Zoltan"]
[Black "Nunn, John DM"]
[Result "1/2-1/2"]
[WhiteElo "2595"]
[BlackElo "2570"]

1.g3 g6 2.Bg2 Bg7 3.c4 e5 4.Nc3 d6 5.d3 Nc6 6.e4 Nge7 7.Nge2 Be6 8.Nd5 O-O
9.h4 h5 10.Bg5 f6 11.Be3 f5 12.Qd2 Qd7 13.O-O Rf7 14.Bg5 Raf8 15.b4 Nc8 16.Rac1 Nd8
17.f4 fxe4 18.Bxe4 Bf5 19.Bxf5 Rxf5 20.d4 exf4 21.Ndxf4 Ne6 22.Nxg6 Rxf1+
23.Rxf1 Rxf1+ 24.Kxf1 Qf7+ 25.Ngf4 Nb6 26.c5 Nd5 27.cxd6 cxd6 28.Kg2 Nxg5
29.hxg5 Qf5 30.Qd3 Nxf4+ 31.Nxf4 Qxd3 32.Nxd3 Bxd4 33.Kf3 Kg7 34.Nf4 Bc3
35.b5 Bd2 36.Nxh5+ Kg6 37.Nf4+ Kxg5 38.Ke4 a6 39.bxa6 bxa6 40.Kd5 Bxf4 41.gxf4+ Kxf4  1/2-1/2

[Event "EU-chT Plovdiv"]
[Site "Plovdiv"]
[Date "1983.??.??"]
[Round "3"]
[White "Nunn, John DM"]
[Black "Radulov, Ivan"]
[Result "1-0"]
[WhiteElo "2570"]
[BlackElo "2495"]

1.e4 c5 2.Nf3 Nc6 3.d4 cxd4 4.Nxd4 Nf6 5.Nc3 d6 6.Bg5 e6 7.Qd2 a6 8.O-O-O h6
9.Bf4 Bd7 10.Nxc6 Bxc6 11.Qe1 Qc7 12.h4 O-O-O 13.Rh3 Be7 14.b4 Kb8 15.a4 Rc8
16.e5 d5 17.b5 axb5 18.axb5 Bxb5 19.Qd2 Ba3+ 20.Kb1 Bxf1 21.exf6 e5 22.Nxd5 Qd6
23.Rxa3 exf4 24.fxg7 Rhd8 25.Qa5 Ba6 26.Ne3 Qe7 27.Rxd8 Rxd8 28.Nd5 Qd6 29.Qxd8+ Qxd8
30.Nf6 Qd1+ 31.Kb2 Qd4+ 32.Kc1 Qxf6 33.g8=Q+ Ka7 34.Qc8 Qxh4 35.Qc5+ Ka8
36.Ra4 Qh1+ 37.Kb2 Qxg2 38.Rxf4 Qg7+ 39.c3 Qg6 40.Rd4 Qf6 41.Rd6 Qg5 42.Qb6 Qb5+
43.Qxb5 Bxb5 44.Rxh6 Bc4 45.Ka3 Kb8 46.Kb4 Be6 47.f4 Kc7 48.Kc5 Kd7 49.Kd4 Ke7
50.Ke5 Bg4 51.f5 Be2 52.Rd6  1-0

[Event "EU-chT Plovdiv"]
[Site "Plovdiv"]
[Date "1983.??.??"]
[Round "5"]
[White "Nunn, John DM"]
[Black "Pfleger, Helmut"]
[Result "1/2-1/2"]
[WhiteElo "2570"]
[BlackElo "2505"]

1.e4 d6 2.d4 Nf6 3.Nc3 g6 4.g3 Bg7 5.Bg2 O-O 6.Nge2 Nbd7 7.O-O e5 8.h3 c6
9.a4 Qc7 10.Be3 Re8 11.Re1 Nf8 12.a5 Ne6 13.d5 Nf8 14.Qd2 cxd5 15.exd5 Bd7
16.Na4 Bxa4 17.Rxa4 N8d7 18.b3 b5 19.axb6 Nxb6 20.Ra5 Nfd7 21.c4 e4 22.Nd4 Nc5
23.Nb5 Qd7 24.Bxc5 dxc5 25.Rxe4 Rxe4 26.Bxe4 a6 27.d6 axb5 28.Bxa8 bxc4 29.Ra6 c3
30.Qd3 Qd8 31.Bc6 Bd4 32.Kg2 Kg7 33.Qe2 c4 34.bxc4 Qxd6 35.Bb5 Qc5 36.Ra2 Nc8
37.Qd3 Nd6 38.Rc2 Bf6 39.Rc1 h5 40.h4 Qb4 41.Rb1  1/2-1/2

[Event "EU-chT Plovdiv"]
[Site "Plovdiv"]
[Date "1983.??.??"]
[Round "6"]
[White "Polugaevsky, Lev"]
[Black "Nunn, John DM"]
[Result "1/2-1/2"]
[WhiteElo "2625"]
[BlackElo "2570"]

1.d4 Nf6 2.c4 g6 3.Nc3 Bg7 4.e4 d6 5.f3 O-O 6.Bg5 Nc6 7.Nge2 a6 8.Qd2 Rb8
9.d5 Ne5 10.Ng3 c6 11.Be2 b5 12.cxb5 cxd5 13.Bxf6 Bxf6 14.Nxd5 Bg7 15.a4 axb5
16.axb5 Be6 17.O-O Bxd5 18.Qxd5 e6 19.Qa2 d5 20.exd5 exd5 21.f4 Nc4 22.Bxc4  1/2-1/2

[Event "EU-chT Plovdiv"]
[Site "Plovdiv"]
[Date "1983.??.??"]
[Round "7"]
[White "Nunn, John DM"]
[Black "Gligoric, Svetozar"]
[Result "1/2-1/2"]
[WhiteElo "2570"]
[BlackElo "2510"]

1.e4 e5 2.Nf3 Nc6 3.Bc4 Nf6 4.d3 Be7 5.O-O O-O 6.Bb3 d6 7.c3 Nd7 8.d4 Na5
9.Bc2 c5 10.d5 b5 11.Nbd2 Nb6 12.b4 Nb7 13.a4 bxa4 14.Bxa4 Nxa4 15.Qxa4  1/2-1/2

[Event "Bundesliga 8384"]
[Site "Germany"]
[Date "1984.??.??"]
[Round "?"]
[White "Hermann, Manfred"]
[Black "Nunn, John DM"]
[Result "1/2-1/2"]
[WhiteElo "2335"]
[BlackElo "2590"]

1.d4 Nf6 2.Nf3 g6 3.Bg5 Bg7 4.Nbd2 O-O 5.e4 d6 6.c3 b6 7.Bc4 Bb7 8.Qe2 h6
9.Bh4 Nh5 10.Qe3 Nf6 11.Bb3 Nbd7 12.h3 e5 13.dxe5 dxe5 14.g4 Nc5 15.Bc2 Qe7
16.O-O-O Rad8 17.Bg3 Nfd7 18.Bh4 Nf6 19.Bg3 Nfd7 20.Bh4  1/2-1/2

[Event "Bundesliga 8384"]
[Site "Germany"]
[Date "1984.??.??"]
[Round "?"]
[White "Nunn, John DM"]
[Black "Pfleger, Helmut"]
[Result "1/2-1/2"]
[WhiteElo "2590"]
[BlackElo "2505"]

1.e4 d6 2.d4 Nf6 3.Nc3 g6 4.Nf3 Bg7 5.Be2 O-O 6.O-O c6 7.a4 a5 8.h3 Nbd7
9.Be3 e5 10.Re1 Qe7 11.Bc4 exd4 12.Bxd4 Ne5 13.Ba2 Nh5 14.Be3 Be6 15.Qe2 Rae8
16.Nd4 Bxa2 17.Rxa2 Nd7 18.Nb3 Bxc3 19.bxc3 Qxe4 20.Nxa5 Qd5 21.Nb3 Re4 22.Rd1 Qe6
23.Rb2 f5 24.Nd4 Qe8 25.Qf1 Nc5 26.Nf3 Rxe3 27.fxe3 Qxe3+ 28.Qf2 Qxc3 29.Qd4 Qxd4+
30.Rxd4 d5 31.Ne5 Ng3 32.Rdb4 Ne2+ 33.Kf1 Nc3 34.a5 Ra8 35.Nxc6 N3a4 36.Rxb7 Nxb2
37.Rxb2 Ra6 38.Rb6 Kf7 39.Rxa6 Nxa6 40.c3 Ke6 41.Nb4 Nc7 42.a6 Kd6 43.a7 Na8
44.Ke2 Kc5 45.Kd3 d4 46.Nc2 dxc3 47.Kxc3 Kb6 48.Kd4 Kxa7 49.Ke5 Nc7 50.Kf6 Nd5+
51.Kg7 f4 52.Kxh7 Ne3 53.Ne1 g5 54.Kg6 g4 55.hxg4  1/2-1/2

[Event "Bundesliga 8384"]
[Site "Germany"]
[Date "1984.??.??"]
[Round "?"]
[White "Nunn, John DM"]
[Black "Ivkov, Borislav"]
[Result "1-0"]
[WhiteElo "2590"]
[BlackElo "2460"]

1.e4 e6 2.d4 d5 3.Nd2 c5 4.Ngf3 Nf6 5.exd5 Nxd5 6.dxc5 Bxc5 7.Ne4 Be7 8.c4 Nf6
9.Qxd8+ Kxd8 10.Nc3 Nbd7 11.Be2 b6 12.O-O Bb7 13.Rd1 Bc5 14.Ne5 Ke7 15.Nd3 a5
16.Nxc5 Nxc5 17.Bf4 Rhd8 18.Bc7 Rxd1+ 19.Rxd1 Nfd7 20.Bd6+ Kf6 21.f3 Bc6
22.Kf2 Rc8 23.Ke3 Nb7 24.Bg3 Ke7 25.Bd3 h6 26.Bc2 Ndc5 27.b3 Na6 28.Ne4 Nac5
29.Nd6 Ra8 30.Nxb7 Nxb7 31.Bc7 Ra6 32.Bd3 Nc5 33.Be2 f6 34.Bd8+ Ke8 35.Rd6 Nd7
36.Bc7 Ke7 37.Rxc6  1-0

[Event "Bundesliga 8384"]
[Site "Germany"]
[Date "1984.??.??"]
[Round "?"]
[White "Nunn, John DM"]
[Black "Hort, Vlastimil"]
[Result "1/2-1/2"]
[WhiteElo "2600"]
[BlackElo "2615"]

1.e4 c6 2.d4 d5 3.e5 Bf5 4.Nc3 Qd7 5.Be3 h6 6.h3 e6 7.g4 Bh7 8.f4 Bb4 9.Ne2 Na6
10.Ng3 Nc7 11.a3 Be7 12.h4 O-O-O 13.h5 c5 14.Qd2 Qc6 15.Bg2 Kb8 16.O-O Bh4
17.Nge2 c4 18.Rf3 Qb6 19.Rb1 g6 20.Rh3 Be7 21.Ng3 Bf8 22.b3 cxb3 23.Rxb3 Qc6
24.hxg6 fxg6 25.a4 Ne7 26.Nb5 Nxb5 27.axb5 Qd7 28.b6 a6 29.Bf1 Rc8 30.Bd3 Qa4
31.Rb1 Nc6 32.c3 Na5 33.Ne2 Nc4  1/2-1/2

[Event "Bundesliga 8384"]
[Site "Germany"]
[Date "1984.??.??"]
[Round "?"]
[White "Unzicker, Wolfgang"]
[Black "Nunn, John DM"]
[Result "1/2-1/2"]
[WhiteElo "2455"]
[BlackElo "2590"]

1.e4 c5 2.Nf3 d6 3.d4 Nf6 4.Nc3 cxd4 5.Nxd4 a6 6.Be2 Nbd7 7.f4 e5 8.fxe5 Nxe5
9.O-O Be7 10.Nf5 Bxf5 11.Rxf5 Qb6+ 12.Kh1 Rc8 13.Qg1 Bd8 14.Bd3 Qxg1+ 15.Kxg1 Ba5
16.Bd2 Nfd7 17.Rd1 Bxc3 18.Bxc3 Rxc3 19.bxc3 b5 20.c4 bxc4 21.Bf1 Ke7 22.Rb1 g6
23.Rf2 Nc5 24.Rd2 Rd8 25.Rd4 Ne6 26.Rd5 Nc5 27.Rb4 Rd7 28.Rb6 Nxe4 29.Rxa6 Rb7
30.Rd4 f5 31.Rd1 Rb2 32.Rc1 Kd7 33.a4 Nc3 34.a5 Ra2 35.Ra8 d5 36.a6 Nc6 37.Kf2 Kc7
38.Ke3 Ra3 39.Kf4 Kb6 40.Kg5 Rxa6 41.Rxa6+ Kxa6 42.Kh6 Kb5 43.Kxh7 Ne5 44.Kg7 Ne4
45.Kf8 d4 46.Ke7 Kb4 47.Ke6 Ng4 48.h4 Kc3 49.Kf7 Ne5+ 50.Ke6 Ng4 51.Kf7 Kd2
52.Ra1 Ng3 53.Bxc4 Ne5+ 54.Kf6 Nxc4 55.Ra4 Kc3 56.Kxg6 Ne3 57.h5 Nxh5 58.Kxh5 Nxc2
59.Ra7 d3 60.Rc7+ Kd4 61.Rd7+ Ke3 62.Re7+ Kf2 63.Rd7 Ke2 64.Kg5 Ne3 65.Kf4 d2
66.g3  1/2-1/2

[Event "Hamburg op"]
[Site "Hamburg"]
[Date "1984.??.??"]
[Round "1"]
[White "Nunn, John DM"]
[Black "Bischoff, Klaus"]
[Result "1-0"]
[WhiteElo "2575"]
[BlackElo "2375"]

1.e4 e6 2.d4 d5 3.Nd2 Nf6 4.e5 Nfd7 5.Ngf3 c5 6.c3 Nc6 7.Bd3 cxd4 8.cxd4 Nb6
9.a3 a5 10.b3 Bd7 11.Bb2 Be7 12.h4 h6 13.h5 Kf8 14.Qe2 a4 15.b4 Na7 16.Rc1 Qe8
17.O-O Bb5 18.Ne1 Rc8 19.Rxc8 Nbxc8 20.f4 Qd7 21.g4 Ke8 22.f5 Nb6 23.Ng2 Bxd3
24.Qxd3 Bg5 25.Nf3 Nc4 26.Nxg5 hxg5 27.Bc1 Nb5 28.Bxg5 exf5 29.Nf4 fxg4 30.e6 fxe6
31.Re1 Nc7 32.Nxe6 Nxe6 33.Qf5  1-0

[Event "Hamburg op"]
[Site "Hamburg"]
[Date "1984.??.??"]
[Round "2"]
[White "Nunn, John DM"]
[Black "Ernst, Thomas"]
[Result "1/2-1/2"]
[WhiteElo "2575"]
[BlackElo "2410"]

1.e4 c5 2.f4 Nf6 3.Nc3 d5 4.e5 d4 5.exf6 dxc3 6.fxg7 cxd2+ 7.Qxd2 Qxd2+ 8.Bxd2 Bxg7
9.O-O-O Nc6 10.Bb5 Bd7 11.Be3 b6 12.Nf3 h6 13.Rd2 O-O-O 14.Rhd1 Kc7 15.Bc4 Rhf8
16.h3 Bf5 17.g4 Be4 18.Rxd8 Rxd8 19.Nd2 Bd5 20.Bxd5 Rxd5 21.Re1 Bd4 22.Ne4 Bxe3+
23.Rxe3 Kd7 24.Ng3 Rd4 25.Rf3 e6 26.c3 Rd5 27.Kc2 Ke7 28.Rd3 Kf6 29.h4 Rxd3
30.Kxd3 Ne7 31.h5 Nd5 32.Ke4 b5 33.Kf3 c4 34.g5+ hxg5 35.Ne4+ Kg7 36.fxg5 b4
37.cxb4 Nxb4 38.Nd6 Nxa2 39.Nxc4 Nb4 40.Ke4 f6 41.g6 Kh6 42.Nd6 Nc6  1/2-1/2

[Event "Hamburg op"]
[Site "Hamburg"]
[Date "1984.??.??"]
[Round "3"]
[White "Jacoby, Gisbert"]
[Black "Nunn, John DM"]
[Result "1/2-1/2"]
[WhiteElo "2245"]
[BlackElo "2575"]

1.d4 Nf6 2.Nf3 g6 3.Bf4 d6 4.e3 Nh5 5.Bg5 h6 6.Bh4 g5 7.Nfd2 Ng7 8.Bg3 Nf5
9.c3 Bg7 10.e4 Nxg3 11.hxg3 Nd7 12.Nc4 b6 13.Nbd2 Bb7 14.Ne3 e6 15.Bd3 Qe7
16.Qe2 a6 17.f4  1/2-1/2

[Event "Hamburg op"]
[Site "Hamburg"]
[Date "1984.??.??"]
[Round "6"]
[White "Werner, Dimo"]
[Black "Nunn, John DM"]
[Result "0-1"]
[WhiteElo "2365"]
[BlackElo "2575"]

1.Nf3 d6 2.d4 g6 3.e4 Bg7 4.Nc3 a6 5.Be3 b5 6.a4 b4 7.Na2 a5 8.c3 Bb7 9.Nd2 Nf6
10.f3 bxc3 11.bxc3 O-O 12.Rb1 Bc8 13.Be2 Nbd7 14.O-O e5 15.d5 Nh5 16.Bb5 Nf4
17.Rf2 Bh6 18.Nf1 f5 19.Bc6 Rb8 20.Rxb8 Nxb8 21.Bb5 fxe4 22.fxe4 Nd7 23.Be2 Qh4
24.Kh1 Nxe2  0-1

[Event "Hamburg op"]
[Site "Hamburg"]
[Date "1984.??.??"]
[Round "7"]
[White "Nunn, John DM"]
[Black "Gheorghiu, Florin"]
[Result "1-0"]
[WhiteElo "2575"]
[BlackElo "2505"]

1.e4 c5 2.Nf3 e6 3.d4 cxd4 4.Nxd4 a6 5.Bd3 Nf6 6.O-O d6 7.c4 b6 8.Nc3 Bb7
9.f4 Be7 10.Kh1 O-O 11.Qe2 Nc6 12.Nxc6 Bxc6 13.b3 Nd7 14.Bb2 g6 15.Rad1 Re8
16.Bb1 Qc7 17.Qd3 Bf8 18.Nb5 Bxb5 19.cxb5 axb5 20.Qxb5 Qb7 21.Qe2 b5 22.b4 Ra6
23.Rf3 Bg7 24.Bxg7 Kxg7 25.Rfd3 Qc7 26.Rh3 Rb6 27.Qd2 Nf6 28.f5 exf5 29.exf5 d5
30.fxg6 fxg6 31.Rf1 Ng4 32.Qd4+ Rf6 33.Bd3 h5 34.Rxf6 Nxf6 35.Rf3 Re1+ 36.Bf1 Qe7
37.Kg1 Re4 38.Qc3 d4 39.Qd3 Ng4 40.h3  1-0

[Event "Hamburg op"]
[Site "Hamburg"]
[Date "1984.??.??"]
[Round "9"]
[White "Nunn, John DM"]
[Black "Portisch, Ferenc"]
[Result "1-0"]
[WhiteElo "2575"]
[BlackElo "2445"]

1.e4 e6 2.d4 d5 3.Nc3 Bb4 4.e5 Ne7 5.a3 Bxc3+ 6.bxc3 c5 7.Nf3 Bd7 8.dxc5 Qc7
9.Rb1 Qxc5 10.Rxb7 Qxc3+ 11.Bd2 Qc8 12.Rb1 Nbc6 13.Bd3 Ng6 14.Qe2 Qc7 15.Bxg6 fxg6
16.O-O O-O 17.c4 Rf5 18.cxd5 Nxe5 19.Nd4 Qc4 20.dxe6 Qxd4 21.exd7 Qxd7 22.Rfd1 Re8
23.Be3 Qa4 24.Qa2+ Kh8 25.Rd6 h6 26.Rb4 Qa5 27.h3 g5 28.Qb2 h5 29.Rb8 Rff8
30.Rb5 Qe1+ 31.Kh2 Nf7 32.Rg6 Rg8 33.Rb7 Rxe3 34.fxe3 h4 35.Rxf7 Qg3+ 36.Kg1 Qxe3+
37.Rf2  1-0

[Event "Hamburg op"]
[Site "Hamburg"]
[Date "1984.??.??"]
[Round "10"]
[White "Nunn, John DM"]
[Black "Ghinda, Mihail Viorel"]
[Result "1-0"]
[WhiteElo "2575"]
[BlackElo "2465"]

1.e4 Nf6 2.e5 Nd5 3.d4 d6 4.Nf3 c6 5.Be2 dxe5 6.Nxe5 Nd7 7.Nf3 g6 8.c4 Nc7
9.Nc3 Bg7 10.O-O O-O 11.Be3 Nf6 12.h3 Nce8 13.Qb3 Nd6 14.Rad1 b5 15.cxb5 cxb5
16.d5 a6 17.Ne5 Bb7 18.Bf3 Nd7 19.Nc6 Bxc6 20.dxc6 Ne5 21.Nd5 Nxf3+ 22.gxf3 Rc8
23.Bg5 Re8 24.Rfe1 Bf8 25.Qc3 b4 26.Qc5 f6 27.Bf4 Kf7 28.Nb6 e5 29.Nxc8 Qxc8
30.Rxd6 Bxd6 31.Qxd6 exf4 32.Rxe8 Kxe8 33.Qxf6 Qxh3 34.Qh8+ Kf7 35.c7 Qxf3
36.c8=Q Qd1+ 37.Kh2 Qh5+ 38.Qh3  1-0

[Event "London"]
[Site "London"]
[Date "1984.??.??"]
[Round "?"]
[White "Chandler, Murray G"]
[Black "Nunn, John DM"]
[Result "1-0"]
[WhiteElo "2515"]
[BlackElo "2600"]

1.e4 d6 2.d4 Nf6 3.Nc3 g6 4.Be3 c6 5.Qd2 b5 6.Bd3 Nbd7 7.Nf3 Nb6 8.O-O Bg7
9.Bh6 O-O 10.h3 Nfd7 11.a4 b4 12.Ne2 a5 13.Bxg7 Kxg7 14.c3 c5 15.cxb4 cxb4
16.Ng3 e5 17.Bb5 Bb7 18.Rac1 Rc8 19.Rxc8 Bxc8 20.Rc1 Bb7 21.dxe5 Nxe5 22.Qd4 f6
23.Nd2 d5 24.Nb3 Qd6 25.Nxa5 Rc8 26.Rxc8 Bxc8 27.Nc6 Nxc6 28.Qxb6 Bd7 29.exd5 Qxd5
30.Qc7 Kf7 31.Qf4 Nd4 32.Bxd7 Qxd7 33.a5 Kg7 34.a6 h5 35.Kh2 f5 36.Nf1 Kh7
37.Qb8 Nc6 38.Qb7 Qxb7 39.axb7 g5 40.Ne3  1-0

[Event "London"]
[Site "London"]
[Date "1984.??.??"]
[Round "?"]
[White "Karpov, Anatoly"]
[Black "Nunn, John DM"]
[Result "1/2-1/2"]
[WhiteElo "2700"]
[BlackElo "2600"]

1.e4 e5 2.Nf3 Nc6 3.Bb5 a6 4.Ba4 Nf6 5.O-O Be7 6.Re1 b5 7.Bb3 O-O 8.a4 Bb7
9.d3 d6 10.Nc3 Na5 11.Ba2 b4 12.Ne2 c5 13.c3 c4 14.dxc4 b3 15.Bxb3 Nxb3 16.Qxb3 Bxe4
17.Ng3 Bxf3 18.gxf3 Qc8 19.Kg2 Rb8 20.Qa2 Nd7 21.b3 Re8 22.Qc2  1/2-1/2

[Event "London"]
[Site "London"]
[Date "1984.??.??"]
[Round "?"]
[White "Kortschnoj, Viktor"]
[Black "Nunn, John DM"]
[Result "1-0"]
[WhiteElo "2635"]
[BlackElo "2600"]

1.d4 Nf6 2.c4 c5 3.d5 e6 4.Nc3 exd5 5.cxd5 d6 6.Nf3 g6 7.Bf4 Bg7 8.Qa4+ Bd7
9.Qb3 Qc7 10.e4 O-O 11.Nd2 Nh5 12.Be3 f5 13.exf5 gxf5 14.Be2 f4 15.Bxc5 f3
16.Bxf3 Rxf3 17.gxf3 Qxc5 18.Qxb7 Bxc3 19.bxc3 Nf4 20.Rg1+ Kf7 21.Ne4 Qxd5
22.Qxd5+ Nxd5 23.Rd1 Bc6 24.c4 Ne7 25.Nxd6+ Ke6 26.Ne4 Bxe4 27.fxe4 Nd7 28.f4 Nf6
29.e5 Ne4 30.Rd4 Kf5 31.Rg7 Nc6 32.Rf7+ Ke6 33.Rdd7 Rb8 34.Ke2 Rb4 35.Rxh7 Rxc4
36.Kd3 Ra4 37.Ke3 Kf5 38.Rdf7+ Ke6 39.Rc7 Kd5 40.Rhd7+ Kc5 41.Rd8  1-0

[Event "London"]
[Site "London"]
[Date "1984.??.??"]
[Round "?"]
[White "Mestel, A Jonathan"]
[Black "Nunn, John DM"]
[Result "1/2-1/2"]
[WhiteElo "2540"]
[BlackElo "2600"]

1.c4 Nf6 2.Nc3 e6 3.Nf3 c5 4.g3 d5 5.cxd5 exd5 6.d4 Nc6 7.Bg2 Be7 8.O-O O-O
9.b3 Ne4 10.Bb2 Bf6 11.Nxe4 dxe4 12.Nd2 Bxd4 13.Bxd4 cxd4 14.Nxe4 Bf5 15.Qd2 Re8
16.Nc5 Qe7 17.Rac1 Rac8 18.Rfe1 b6 19.Nd3 Be4 20.Qf4 f5 21.h4 Bxg2 22.Kxg2 Qe4+
23.Kg1 Ne7 24.Rxc8 Rxc8 25.Rc1 Qxf4 26.Rxc8+ Nxc8 27.Nxf4 Kf7 28.Kf1 Nd6
29.Ke1 Kf6 30.f3 Ke5 31.Kd2  1/2-1/2

[Event "London"]
[Site "London"]
[Date "1984.??.??"]
[Round "?"]
[White "Nunn, John DM"]
[Black "Seirawan, Yasser"]
[Result "1-0"]
[WhiteElo "2600"]
[BlackElo "2525"]

1.e4 c6 2.d4 d5 3.exd5 cxd5 4.c4 Nf6 5.Nc3 g6 6.cxd5 Nxd5 7.Nf3 Bg7 8.Bc4 Nb6
9.Bb3 Nc6 10.O-O O-O 11.d5 Na5 12.Bg5 Bg4 13.h3 Bxf3 14.Qxf3 Nxb3 15.axb3 Qd7
16.Rfd1 Nc8 17.Qe3 Re8 18.Bf4 a6 19.Na4 Qf5 20.Rac1 b5 21.g4 Qf6 22.Rc6 e6
23.d6 Ne7 24.Bg5 Nd5 25.Rxd5 exd5 26.Bxf6 Rxe3 27.fxe3 Bxf6 28.d7 Rd8 29.Nc5 Bxb2
30.Rc8 Bf6 31.Nb7 Rf8 32.b4 Kg7 33.Kf2 Be7 34.Re8 Bh4+ 35.Kf3 h6 36.Rxf8 Kxf8
37.d8=Q+ Bxd8 38.Nxd8 Ke7 39.Nb7  1-0

[Event "London"]
[Site "London"]
[Date "1984.??.??"]
[Round "?"]
[White "Nunn, John DM"]
[Black "Torre, Eugenio"]
[Result "1-0"]
[WhiteElo "2600"]
[BlackElo "2565"]

1.e4 e5 2.Nf3 Nc6 3.Bb5 a6 4.Ba4 Nf6 5.O-O Be7 6.Re1 b5 7.Bb3 d6 8.a4 Na5
9.axb5 Nxb3 10.cxb3 Bb7 11.bxa6 Bxe4 12.d4 Bxf3 13.Qxf3 e4 14.Qg3 d5 15.Bf4 c5
16.Be5 O-O 17.Nc3 Nh5 18.Qh3 f6 19.Bc7 Qxc7 20.Qxh5 f5 21.Nxd5 Qd6 22.Nxe7+ Qxe7
23.dxc5 Qxc5 24.Qe2 Kh8 25.Qc4 Qb6 26.b4 Rfc8 27.Qd5 Qxb4 28.Qxf5 Qxb2 29.Qxe4 h6
30.h3 Ra7 31.Qe3 Rca8 32.Rab1 Qa2 33.Rb8+ Rxb8 34.Qxa7 Rf8 35.Qb6 Rf6 36.Qd8+ Kh7
37.Qd3+ Kg8 38.Re8+ Kf7 39.Qd7+ Kg6 40.Qg4+ Kf7 41.Qh5+ g6 42.Qe5 Qxf2+ 43.Kh2 g5
44.Re7+ Kg6 45.a7 Ra6 46.Re6+  1-0

[Event "London"]
[Site "London"]
[Date "1984.??.??"]
[Round "?"]
[White "Nunn, John DM"]
[Black "Vaganian, Rafael A"]
[Result "0-1"]
[WhiteElo "2600"]
[BlackElo "2630"]

1.e4 Nf6 2.e5 Nd5 3.d4 d6 4.Nf3 g6 5.Bc4 c6 6.O-O Bg7 7.exd6 Qxd6 8.Re1 Bg4
9.Nbd2 O-O 10.h3 Bxf3 11.Nxf3 e6 12.Bf1 b5 13.a4 b4 14.c4 Ne7 15.a5 c5 16.dxc5 Qxc5
17.Be3 Qc7 18.Nd4 Nbc6 19.Nb5 Qb8 20.a6 Nf5 21.Bc5 Rd8 22.Qa4 Bxb2 23.Rab1 Bf6
24.Bxb4 Nxb4 25.Qxb4 Be7 26.c5 Rd5 27.Rec1 Qf8 28.Nc7 Rxc5 29.Qb7 Rc8 30.Qxa7 Bd6
31.Nxe6 fxe6 32.Rxc5 Bxc5 33.Qd7 Re8 34.a7 Ng7 35.Rb2 Ra8 36.Bc4 Rxa7 37.Bxe6+ Kh8
38.Qd5 Ra1+ 39.Kh2 Qd6+ 40.g3 Nxe6  0-1

[Event "London"]
[Site "London"]
[Date "1984.??.??"]
[Round "?"]
[White "Polugaevsky, Lev"]
[Black "Nunn, John DM"]
[Result "1-0"]
[WhiteElo "2615"]
[BlackElo "2600"]

1.d4 Nf6 2.c4 c5 3.d5 e6 4.Nc3 exd5 5.cxd5 d6 6.e4 g6 7.f3 Bg7 8.Bg5 O-O
9.Qd2 a6 10.a4 Qa5 11.Ra3 Qc7 12.Nge2 Nbd7 13.Ng3 c4 14.Be2 Ne5 15.Be3 h5
16.O-O Bd7 17.a5 Rfe8 18.Bb6 Qc8 19.Bd4 Qc7 20.f4 Nd3 21.Bxd3 cxd3 22.Qxd3 Bb5
23.Nxb5 axb5 24.f5 h4 25.fxg6 hxg3 26.Bxf6 Bxf6 27.Rxf6 Qc5+ 28.Kh1 Rxe4
29.gxf7+ Kf8 30.Rf1 Qf2 31.Raa1 Qe3 32.Qxe3 Rxe3 33.hxg3 Re5 34.b4 Rc8 35.Rac1 Rc4
36.Rxc4 bxc4 37.Rf4 c3 38.Rc4 Re1+ 39.Kh2 Rb1 40.Rxc3 Rxb4 41.Rf3 Rb5 42.Rf5 Rxa5
43.g4 b5 44.g5 Ra8 45.Rf6 b4 46.g6 Rd8 47.Kg3 b3 48.Kg4 b2 49.Rf1 Rc8 50.Kg5 Kg7
51.Rh1 b1=Q 52.Rxb1 Rb8 53.Rh1  1-0

[Event "URS-World"]
[Site "London"]
[Date "1984.??.??"]
[Round "1.7"]
[White "Tal, Mihail"]
[Black "Nunn, John DM"]
[Result "1/2-1/2"]
[WhiteElo "2620"]
[BlackElo "2600"]

1.Nf3 g6 2.d4 d6 3.c4 Bg7 4.Nc3 Nf6 5.e4 O-O 6.Be2 Nbd7 7.O-O e5 8.Be3 c6
9.d5 c5 10.Ne1 Ne8 11.Qd2 f5 12.exf5 gxf5 13.f4 Nef6 14.fxe5 Nxe5 15.Nf3 Neg4
16.Bg5 h6 17.Bh4 Qe8 18.Bxf6 Rxf6 19.Bd3 Ne3 20.Rae1 f4 21.Nd1 Bg4 22.Nxe3 fxe3
23.Rxe3 Qh5 24.Be4 Raf8 25.Qd3 Bxf3 26.Bxf3 Qg5 27.Kh1 Rf4 28.b3 Rh4 29.Re4  1/2-1/2

[Event "URS-World"]
[Site "London"]
[Date "1984.??.??"]
[Round "2.7"]
[White "Nunn, John DM"]
[Black "Romanishin, Oleg M"]
[Result "1/2-1/2"]
[WhiteElo "2600"]
[BlackElo "2580"]

1.e4 e5 2.Nf3 Nc6 3.Bb5 a6 4.Ba4 Nf6 5.O-O Be7 6.Re1 b5 7.Bb3 d6 8.a4 Bg4
9.c3 O-O 10.h3 Bxf3 11.Qxf3 Na5 12.Bc2 b4 13.d3 Nd7 14.Nd2 Bg5 15.Nb3 Bxc1
16.Rexc1 bxc3 17.bxc3 c6 18.Rab1 Rb8 19.Nxa5 Qxa5 20.Bb3 g6 21.h4 Qd8 22.g3 Kg7
23.Bc2 h5 24.d4 Qa5 25.Qd3 Nf6 26.dxe5 dxe5 27.Qc4 c5 28.Rd1 Rb6 29.Kg2 Ng4
30.Rxb6 Qxb6 31.Rd2 Rb8 32.Qd5 Qc7 33.Bb3  1/2-1/2

[Event "Lloyds Bank op"]
[Site "London"]
[Date "1984.??.??"]
[Round "2"]
[White "Saeed, Saeed Ahmed"]
[Black "Nunn, John DM"]
[Result "0-1"]
[WhiteElo "2430"]
[BlackElo "2575"]

1.d4 Nf6 2.c4 g6 3.Nc3 Bg7 4.e4 d6 5.Nf3 O-O 6.Be2 Nbd7 7.O-O e5 8.d5 Nc5
9.Qc2 a5 10.Bg5 h6 11.Be3 b6 12.Nd2 h5 13.f3 h4 14.Bg5 h3 15.g4 Qd7 16.Kh1 Nh7
17.Be3 Bf6 18.b3 Qe7 19.Rg1 Bg5 20.Nf1 Bd7 21.Qd2 Kg7 22.Bxg5 Qxg5 23.Qxg5 Nxg5
24.Nd2 Kh6 25.a3 f5 26.gxf5 gxf5 27.b4 Na4 28.Nxa4 Bxa4 29.exf5 Bc2 30.b5 Bxf5
31.Rg3 Rg8 32.Rag1 Raf8 33.Bf1 Rg7 34.Be2 Bh7 35.Bf1 Bf5 36.Be2 Rff7 37.Bf1 Rg6
38.Be2 Rg8 39.Bf1 Rgg7 40.Be2 Bc2  0-1

[Event "URS-World"]
[Site "London"]
[Date "1984.??.??"]
[Round "3.7"]
[White "Tal, Mihail"]
[Black "Nunn, John DM"]
[Result "1-0"]
[WhiteElo "2620"]
[BlackElo "2600"]

1.Nf3 g6 2.d4 d6 3.c4 Bg7 4.Nc3 Nf6 5.e4 O-O 6.Be2 Nbd7 7.O-O e5 8.Be3 c6
9.d5 c5 10.Ne1 Ne8 11.Nd3 f5 12.f4 g5 13.fxe5 Nxe5 14.Nxe5 Bxe5 15.exf5 Bxf5
16.g4 Bg6 17.Rxf8+ Kxf8 18.Qd2 h6 19.h4 gxh4 20.Bxh6+ Kg8 21.Rf1 Ng7 22.Bg5 Bd4+
23.Kh1 Qd7 24.Bf6 Re8 25.Bxd4 cxd4 26.Qxd4 Nh5 27.Kh2 Ng3 28.Rf2 Re5 29.Bf3 Qe7
30.Bg2 h3 31.Kxg3 hxg2 32.Kxg2 Be4+ 33.Kg1 Bg6 34.Qf4 Re1+ 35.Rf1 Re3 36.Rf3 Re1+
37.Rf1 Re3 38.Rf3 Re1+ 39.Kg2 Bc2 40.Rf1 Be4+ 41.Kg3 Bd3 42.Rf3 Bxc4 43.Qxc4 Rg1+
44.Kh2 Rc1 45.Qe2  1-0

[Event "Lloyds Bank op"]
[Site "London"]
[Date "1984.??.??"]
[Round "5"]
[White "Nunn, John DM"]
[Black "Greenfeld, Alon"]
[Result "1-0"]
[WhiteElo "2575"]
[BlackElo "2485"]

1.e4 e5 2.Nf3 Nc6 3.Bb5 a6 4.Ba4 Nf6 5.O-O Be7 6.Re1 b5 7.Bb3 d6 8.a4 Bg4
9.c3 O-O 10.d3 Na5 11.Bc2 c5 12.Nbd2 Qb6 13.Nf1 bxa4 14.Bxa4 Rfb8 15.Ne3 Be6
16.Nd2 h6 17.Bc2 Nh7 18.Nd5 Bxd5 19.exd5 Bg5 20.Ra4 Nf6 21.h4 Bf4 22.d4 cxd4
23.cxd4 exd4 24.Ne4 Nxe4 25.Bxf4 d3 26.Raxe4 dxc2 27.Qxc2 Rc8 28.Qe2 Nb7
29.Bxh6 gxh6 30.Rg4+ Kh8 31.Qd2  1-0

[Event "Lloyds Bank op"]
[Site "London"]
[Date "1984.??.??"]
[Round "6"]
[White "Nunn, John DM"]
[Black "Kudrin, Sergey"]
[Result "1/2-1/2"]
[WhiteElo "2575"]
[BlackElo "2550"]

1.e4 c5 2.Nf3 d6 3.d4 cxd4 4.Nxd4 Nf6 5.Nc3 g6 6.Be3 Bg7 7.f3 Nc6 8.Bc4 O-O
9.Qe2 Bd7 10.O-O-O Rc8 11.g4 Ne5 12.Bb3 Rxc3 13.bxc3 Qc7 14.Bd2 a5 15.a4  1/2-1/2

[Event "Lloyds Bank op"]
[Site "London"]
[Date "1984.??.??"]
[Round "8"]
[White "Nunn, John DM"]
[Black "Chandler, Murray G"]
[Result "1/2-1/2"]
[WhiteElo "2575"]
[BlackElo "2540"]

1.e4 c5 2.Nf3 d6 3.d4 cxd4 4.Nxd4 Nf6 5.Nc3 Nc6 6.Bc4 e6 7.Be3 Be7 8.Qe2 O-O
9.O-O-O a6 10.Bb3 Qc7 11.g4 Nd7 12.Nf5 exf5 13.Nd5 Qd8 14.gxf5 Nf6 15.Bb6 Qd7
16.Rhg1 Nxd5 17.exd5 Bf6 18.dxc6 Qxc6 19.Bd4 Bxd4 20.Rxd4 Bxf5 21.Rd5 Rae8
22.Qd2 Re5 23.Rxd6 Qe8 24.Rxg7+ Kxg7 25.Qh6+ Kg8 26.Qg5+ Bg6 27.Rxg6+ hxg6
28.Qxg6+ Kh8 29.Qh6+  1/2-1/2

[Event "Lugano op"]
[Site "Lugano"]
[Date "1984.??.??"]
[Round "?"]
[White "Nunn, John DM"]
[Black "Karl, Hans"]
[Result "1-0"]
[WhiteElo "2600"]
[BlackElo "2335"]

1.e4 e5 2.Nf3 Nc6 3.Bb5 a6 4.Ba4 Nf6 5.O-O Nxe4 6.d4 b5 7.Bb3 d5 8.dxe5 Be6
9.Be3 Bc5 10.Qd3 Bxe3 11.Qxe3 f5 12.exf6 Qxf6 13.c4 bxc4 14.Ba4 Bd7 15.Nc3 Qh6
16.Qxh6 gxh6 17.Nxd5 O-O-O 18.Bxc6 Bxc6 19.Ne7+ Kb7 20.Nxc6 Kxc6 21.Ne5+  1-0

[Event "Lugano op"]
[Site "Lugano"]
[Date "1984.??.??"]
[Round "5"]
[White "Sax, Gyula"]
[Black "Nunn, John DM"]
[Result "1-0"]
[WhiteElo "2575"]
[BlackElo "2600"]

1.e4 c5 2.Nf3 d6 3.d4 Nf6 4.Nc3 cxd4 5.Nxd4 a6 6.Be3 e5 7.Nb3 Be6 8.Qd2 Nbd7
9.f4 exf4 10.Bxf4 Ne5 11.O-O-O Be7 12.Nd4 Qa5 13.Nf5 Bxf5 14.exf5 Rc8 15.Kb1 Qc7
16.g4 Nexg4 17.Rg1 g6 18.Rxg4 Nxg4 19.Nd5 Qd8 20.Re1 Ne5 21.Bxe5 dxe5 22.Rxe5 O-O
23.Nxe7+ Kh8 24.Bd3 Qd6 25.Re4 Rcd8 26.Qc3+ f6 27.fxg6 Qxh2 28.gxh7  1-0